Estudios sobre la subjetividad femenina. Mujeres y salud mental

Salvato in:
Dettagli Bibliografici
Autore principale: Meler, Irene
Ente Autore: Universidad de Ciencias Empresariales y Sociales
Natura: testo
Pubblicazione: Buenos Aires: Librería de Mujeres
Edizione:2
Soggetti:
Tags: Aggiungi Tag
Nessun Tag, puoi essere il primo ad aggiungerne!!

MARC

LEADER 00000 a a2200000 04500
001 30277
003
040
020 |a 987-20555-05  
090 |a 194405  
100 |a Meler, Irene  
110 |a Universidad de Ciencias Empresariales y Sociales  
245 |a Estudios sobre la subjetividad femenina. Mujeres y salud mental  
250 |a 2  
260 |a Buenos Aires:   |b Librería de Mujeres  
300 |a 373 p.  
650 |a MUJERES  
650 |a EDUCACION DE LA MUJER  
650 |a TRABAJADORAS  
650 |a SALUD MENTAL  
650 |a ROL DE LA MUJER  
650 |a STATUS DE LA MUJER  
999 |c 10362  |d 10362